• 首页
  • 本馆介绍
  • 公告通知
  • 最新文献
  • 馆藏检索
  • 电子资源
  • 读者导购
  • 参考咨询
  • 我的图书馆
  • 登录
  • 详细信息显示
  • 放入我的书架
  • 预约/预借图书
  • 作者相关作品
  • 分类相关作品
  • 丛书相关作品
  • 出版社相关作品

书目信息

  • 表格格式
  • 工作单格式
  • 卡片格式
题名:
抱朴子内篇
    
 
作者: 葛洪 著 ;赵玉玲 注译
分册:  
出版信息: 郑州   中州古籍出版社  2016
页数: 425页
开本: 23cm
丛书名: 家藏文库
单 册:
中图分类: B235.71
科图分类:
主题词: 古典哲学--gu dian zhe xue--中国--东晋时代
电子资源:
ISBN: 978-7-5348-6453-7
000 01071nam0 22002651 450
001 0120082301
005 20170320082301.0
010    @a978-7-5348-6453-7@dCNY45.00
100    @a20161031d2016 em y0chiy50 ea
101 0  @achi
102    @aCN@b410000
105    @ay z 000yy
106    @ar
200 1  @a抱朴子内篇@9bao pu zi nei pian@f(晋)葛洪著@g赵玉玲注译
210    @a郑州@c中州古籍出版社@d2016
215    @a425页@d23cm
225 2  @a家藏文库@9jia cang wen ku
330    @a本书收录葛洪《抱朴子》内篇20章,加以注译。《抱朴子内篇》是晋代著名道教思想家葛洪的著作。葛洪,字稚川,自号抱朴子,晋丹阳郡句容县( 今江苏江宁县)人。其《内篇》言神仙、方药、鬼怪、变化、延年、禳邪、却祸之事,属道家;其《外篇》言人间得失、世事臧否,属儒家。《抱朴子内篇》的核心内容就是神仙思想及修道成仙的方法。
461  0 @12001 @a家藏文库
606 0  @a古典哲学@9gu dian zhe xue@y中国@z东晋时代
690    @aB235.71@v5
701  0 @c(晋)@a葛洪@9ge hong@f(283-363)@4著
702  0 @a赵玉玲@9zhao yu ling@4注译
801  0 @aCN@bTANGWEI@c20170308
905    @b0957582-4@dB235.71@e13@f3
    
    抱朴子内篇/(晋)葛洪著/赵玉玲注译.-郑州:中州古籍出版社,2016
    425页;23cm.-(家藏文库)
    
    
    ISBN 978-7-5348-6453-7:CNY45.00
    本书收录葛洪《抱朴子》内篇20章,加以注译。《抱朴子内篇》是晋代著名道教思想家葛洪的著作。葛洪,字稚川,自号抱朴子,晋丹阳郡句容县( 今江苏江宁县)人。其《内篇》言神仙、方药、鬼怪、变化、延年、禳邪、却祸之事,属道家;其《外篇》言人间得失、世事臧否,属儒家。《抱朴子内篇》的核心内容就是神仙思想及修道成仙的方法。
●
相关链接 在E读中查询图书 在五车中查询图书 在当当中查询图书 在豆瓣中查询图书


正题名:抱朴子内篇     索取号:B235.71/13         预约/预借

序号 登录号 条形码 馆藏地/架位号 状态 备注
1 0957582   209575823   第一样本阅览室/ [索取号:B235.71/13] 在馆    
2 0957583   209575832   第一借阅区/ [索取号:B235.71/13] 在馆    
3 0957584   209575841   第一借阅区/ [索取号:B235.71/13] 在馆    
唐山师范学院图书馆 欢迎您!
大连网信软件有限公司© 版权所有